000
00312 a2200145 4500
001
57867
020
_a
040
_c
Anchieta - Pituba
100
_a
Chase, James Hadley
240
1
0
_a
Os mortos não falam
_l
por
245
1
0
_a
Os mortos não falam
300
_a
224
650
4
_a
Ficção inglesa
942
_c
BK
999
_c
57867
_d
57867